[Event "7th Sharjah Masters 2024"]
[Site "Sharjah UAE"]
[Date "2024.05.14"]
[Round "1.1"]
[White "Erigaisi, Arjun"]
[Black "Safarli, Eltaj"]
[Result "1-0"]
[WhiteTitle "GM"]
[BlackTitle "GM"]
[WhiteElo "2762"]
[BlackElo "2597"]
[WhiteFideId "35009192"]
[BlackFideId "13402129"]
[EventDate "2024.05.14"]

1. e4 c5 2. Nf3 d6 3. d4 cxd4 4. Nxd4 Nf6 5. Nc3 a6 6. Be2 e5 7. Nb3 Be7 8. Be3
Be6 9. Nd5 Nxd5 10. exd5 Bf5 11. Qd2 Nd7 12. Na5 Qc7 13. c4 O-O 14. O-O Bg6 15.
b4 f5 16. f4 Nf6 17. fxe5 Ne4 18. Qe1 dxe5 19. c5 Bf6 20. d6 Qd7 21. Nc4 Rae8
22. Nb6 Qd8 23. d7 Re7 24. Rd1 Kh8 25. Bd3 f4 26. Bc1 Ng5 27. Bxg6 hxg6 28. Qh4+
Nh7 29. Qg4 g5 30. Nc8 Rxd7 31. Qxd7 Qxc8 32. Rfe1 a5 33. a3 axb4 34. axb4 Qa8
35. h3 Re8 36. Qd5 Nf8 37. Bb2 Qa4 38. Qxb7 g4 39. hxg4 Qc2 40. Qf7 f3 41. gxf3
Bh4 42. Qh5+ Kg8 43. Qxh4 Qxb2 44. Qf2 Qxb4 45. Qa2+ 1-0

[Event "7th Sharjah Masters 2024"]
[Site "Sharjah UAE"]
[Date "2024.05.14"]
[Round "1.2"]
[White "Vokhidov, Shamsiddin"]
[Black "Maghsoodloo, Parham"]
[Result "1/2-1/2"]
[WhiteTitle "GM"]
[BlackTitle "GM"]
[WhiteElo "2592"]
[BlackElo "2733"]
[WhiteFideId "14204223"]
[BlackFideId "12539929"]
[EventDate "2024.05.14"]

1. e4 c6 2. d4 d5 3. e5 Bf5 4. h4 h5 5. Bd3 Bxd3 6. Qxd3 Qa5+ 7. Nd2 e6 8. Nf3
Qa6 9. c4 Bb4 10. O-O Ne7 11. b3 c5 12. Bb2 cxd4 13. Nxd4 Nbc6 14. Nxc6 Nxc6 15.
Rfd1 O-O 16. Qf3 Qa5 17. cxd5 exd5 18. Nf1 d4 19. Qxh5 Bc3 20. Bxc3 dxc3 21. Ne3
Rad8 22. Qg5 Rfe8 23. Ng4 Rxd1+ 24. Rxd1 Kf8 25. Nf6 Rd8 26. Nd7+ Ke8 27. Qxg7
Rxd7 28. Qh8+ Ke7 29. Qf6+ Ke8 30. Qh8+ Ke7 1/2-1/2

[Event "7th Sharjah Masters 2024"]
[Site "Sharjah UAE"]
[Date "2024.05.14"]
[Round "1.3"]
[White "Yu, Yangyi"]
[Black "Nesterov, Arseniy"]
[Result "1/2-1/2"]
[WhiteTitle "GM"]
[BlackTitle "GM"]
[WhiteElo "2729"]
[BlackElo "2590"]
[WhiteFideId "8603820"]
[BlackFideId "24198455"]
[EventDate "2024.05.14"]

1. d4 d5 2. c4 e6 3. Nc3 Nf6 4. cxd5 exd5 5. Bg5 c6 6. e3 Be7 7. Bd3 O-O 8. Nf3
Re8 9. h3 Ne4 10. Bf4 Bd6 11. Ne5 Bf5 12. Bxe4 Bxe4 13. Nxe4 dxe4 14. O-O Bxe5
15. dxe5 Na6 16. Rc1 Qxd1 17. Rfxd1 Rad8 18. Rd6 Rxd6 19. exd6 Nb8 20. a4 Nd7
21. a5 c5 22. b4 Rc8 23. bxc5 Rxc5 24. Rb1 b6 25. axb6 axb6 26. g4 g6 27. g5 h6
28. h4 hxg5 29. hxg5 Rd5 30. Kg2 Kf8 31. Rb4 Nc5 32. Rxb6 Ne6 33. Kg3 Ke8 34.
Kg4 Kd7 35. Rb7+ Ke8 36. Ra7 Nxf4 37. d7+ Ke7 38. Kxf4 Rf5+ 39. Kxe4 Rxf2 40.
Kd5 Rg2 41. d8=Q+ Kxd8 42. Rxf7 Rxg5+ 43. Ke6 Rg4 44. Rf4 Rg3 45. Rf8+ Kc7 46.
e4 g5 47. e5 g4 48. Ke7 Re3 49. e6 g3 50. Rg8 Kc6 51. Rg5 Kc7 52. Rg6 Kc6 53.
Kd8 Rd3+ 54. Ke8 Re3 55. e7+ Kc7 56. Rg7 Rf3 57. Rg8 Re3 58. Rg6 Rf3 59. Rg7 Re3
60. Rg4 Rc3 61. Rg5 Re3 62. Rg6 Rf3 63. Rg8 Re3 64. Kf8 Rf3+ 65. Ke8 1/2-1/2

[Event "7th Sharjah Masters 2024"]
[Site "Sharjah UAE"]
[Date "2024.05.14"]
[Round "1.4"]
[White "Sethuraman, S.P."]
[Black "Radjabov, Teimour"]
[Result "1/2-1/2"]
[WhiteTitle "GM"]
[BlackTitle "GM"]
[WhiteElo "2593"]
[BlackElo "2723"]
[WhiteFideId "5021596"]
[BlackFideId "13400924"]
[EventDate "2024.05.14"]

1. e4 e5 2. Nf3 Nc6 3. Nc3 Nf6 4. Bb5 Bb4 5. O-O O-O 6. d3 Bxc3 7. bxc3 d6 8.
Bg5 Qe7 9. Re1 a6 10. Bxc6 bxc6 11. Nd2 h6 12. Bh4 g5 13. Bg3 Bg4 14. f3 Be6 15.
d4 Nh5 16. Bf2 Nf4 17. Nb3 f6 18. Na5 Qd7 19. Be3 c5 20. a4 cxd4 21. cxd4 Ng6
22. c3 f5 23. dxe5 f4 24. Bd4 dxe5 25. Bc5 Rf7 26. Qxd7 Rxd7 27. Nc6 Rd2 28.
Red1 Rc2 29. Rdc1 Rxc1+ 30. Rxc1 Bd7 31. Nb4 Bxa4 1/2-1/2

[Event "7th Sharjah Masters 2024"]
[Site "Sharjah UAE"]
[Date "2024.05.14"]
[Round "1.5"]
[White "Tabatabaei, M. Amin"]
[Black "Pranav, V"]
[Result "1-0"]
[WhiteTitle "GM"]
[BlackTitle "GM"]
[WhiteElo "2707"]
[BlackElo "2587"]
[WhiteFideId "12521213"]
[BlackFideId "25060783"]
[EventDate "2024.05.14"]

1. e4 e5 2. Nf3 Nc6 3. Bc4 Nf6 4. d3 Bc5 5. O-O d6 6. c3 a5 7. Re1 O-O 8. h3 Ba7
9. Nbd2 Be6 10. Bb5 Ne7 11. Ba4 Ng6 12. d4 c6 13. Bc2 h6 14. Nf1 Re8 15. Ng3 Qc7
16. Be3 Rad8 17. Qc1 b5 18. a4 bxa4 19. Rxa4 c5 20. d5 Bd7 21. c4 Rb8 22. Nf5
Nf4 23. Ra3 Rb4 24. Nxh6+ Kf8 25. Bxf4 exf4 26. Qxf4 Rxc4 27. Bb1 Rb4 28. Ng5
Re7 29. Rg3 c4 30. Qxf6 1-0

[Event "7th Sharjah Masters 2024"]
[Site "Sharjah UAE"]
[Date "2024.05.14"]
[Round "1.6"]
[White "Daneshvar, Bardiya"]
[Black "Sarana, Alexey"]
[Result "1/2-1/2"]
[WhiteTitle "GM"]
[BlackTitle "GM"]
[WhiteElo "2582"]
[BlackElo "2706"]
[WhiteFideId "12576468"]
[BlackFideId "24133795"]
[EventDate "2024.05.14"]

1. Nf3 d5 2. c4 e6 3. g3 Nf6 4. Bg2 Be7 5. O-O O-O 6. d4 c6 7. Nc3 Nbd7 8. Qd3
b6 9. e4 Ba6 10. b3 dxe4 11. Nxe4 b5 12. c5 Nxc5 13. Nxf6+ Bxf6 14. Qc2 Nd7 15.
Qxc6 Nb6 16. Bd2 Rc8 17. Qe4 Nd5 18. Rfc1 Qd6 19. Ne5 b4 20. Ng4 Be7 21. Ne3 Nc3
22. Bxc3 bxc3 23. Bf1 f5 24. Qe5 Qxe5 25. dxe5 Bxf1 26. Kxf1 f4 27. Nc4 fxg3 28.
hxg3 Rf3 29. Nd6 Rcf8 30. Ne4 Ba3 31. Rc2 R3f5 32. Nd6 Rxe5 33. Nc4 Rh5 34. Kg2
Bc5 35. Re1 Rhf5 36. f4 g5 37. Ne3 R5f7 38. fxg5 Rf3 39. Ng4 Rd3 40. Nf6+ Kg7
41. Rxe6 Rd2+ 42. Re2 Rxe2+ 43. Rxe2 Bd4 44. Nh5+ Kf7 45. Kf3 Rc8 46. Rc2 Rc5
47. Nf4 Rxg5 48. Ne2 Bf6 49. Ke4 Re5+ 50. Kd3 Rd5+ 51. Ke3 Rg5 52. Ke4 Rg4+ 53.
Kf3 Rg8 54. Ke4 Re8+ 55. Kd3 Rd8+ 56. Ke3 Bg5+ 57. Kf2 Bf6 58. Ke3 Rg8 59. Ke4
h5 60. Nxc3 Rxg3 61. Nd5 Rg4+ 1/2-1/2

[Event "7th Sharjah Masters 2024"]
[Site "Sharjah UAE"]
[Date "2024.05.14"]
[Round "1.7"]
[White "Artemiev, Vladislav"]
[Black "Moroni, Luca Jr"]
[Result "1/2-1/2"]
[WhiteTitle "GM"]
[BlackTitle "GM"]
[WhiteElo "2705"]
[BlackElo "2581"]
[WhiteFideId "24101605"]
[BlackFideId "865834"]
[EventDate "2024.05.14"]

1. e4 e5 2. Nf3 Nc6 3. Bb5 a6 4. Ba4 Nf6 5. O-O b5 6. Bb3 Bc5 7. a4 Rb8 8. axb5
axb5 9. Nxe5 Nxe5 10. d4 Bxd4 11. Qxd4 d6 12. f4 Nc6 13. Qd3 O-O 14. Nc3 Re8 15.
e5 dxe5 16. Qxd8 Nxd8 17. fxe5 Rxe5 18. Bf4 Rc5 19. Be3 Rf5 20. Ba7 Ra8 21. Rxf5
Bxf5 22. Nxb5 Nc6 23. Ra4 h5 24. h3 Nxa7 25. Nxc7 Rd8 26. Rxa7 Rd1+ 27. Kf2 Rd2+
28. Ke1 Rxg2 29. Nd5 Bxh3 30. Nxf6+ gxf6 31. Rxf7 Bg4 32. Kf1 Bh3 33. Ke1 Bg4
34. Rxf6+ Kg7 35. Rf4 Kh6 36. Kf1 Bh3 37. Rf2 Rg5+ 38. Ke2 h4 39. Rf6+ Kg7 40.
Rf4 Bg4+ 41. Ke3 h3 42. Bd5 h2 43. Bh1 Bf5 44. Rf2 Rh5 45. Kf4 Kf6 46. c3 Rh4+
47. Kg3 Rh3+ 48. Kg2 Rh8 49. Re2 Kg5 50. Kg3 Rh3+ 51. Kf2 Kf4 52. Rd2 Bg4 53.
Rd4+ Kg5 54. Rd8 Rf3+ 55. Kg2 Re3 56. Rd2 Rh3 57. Rf2 Rh8 58. b4 Rc8 59. Rc2 Bf5
60. Rc1 Be4+ 61. Kg3 Bxh1 62. Rxh1 Rxc3+ 63. Kxh2 Rb3 64. Rg1+ Kf5 65. Rg3 Ke5 1/2-1/2

[Event "7th Sharjah Masters 2024"]
[Site "Sharjah UAE"]
[Date "2024.05.14"]
[Round "1.8"]
[White "Gurel, Ediz"]
[Black "Esipenko, Andrey"]
[Result "1/2-1/2"]
[WhiteTitle "GM"]
[BlackTitle "GM"]
[WhiteElo "2578"]
[BlackElo "2704"]
[WhiteFideId "44507356"]
[BlackFideId "24175439"]
[EventDate "2024.05.14"]

1. e4 e5 2. Nf3 Nc6 3. Bb5 a6 4. Ba4 Nf6 5. O-O Be7 6. d3 b5 7. Bb3 d6 8. a3 O-O
9. Nc3 Rb8 10. Be3 h6 11. h3 Re8 12. Nh2 Bf8 13. f4 exf4 14. Bxf4 Be6 15. Bxe6
Rxe6 16. Bg3 Ne5 17. Nf3 c5 18. Bh4 Ng6 19. Bxf6 Rxf6 20. Nd5 Re6 21. Qd2 Ne7
22. Nf4 Rf6 23. Nh5 Re6 24. Nf4 Rf6 25. Rae1 Rb7 26. Nh2 Ng6 27. Nd5 Rxf1+ 28.
Nxf1 Ne7 29. Nfe3 Nxd5 30. Nxd5 g6 31. Rf1 Bg7 32. c3 a5 33. Kh1 Qg5 34. Qf2 Qe5
35. Qh4 Qg5 36. Qf2 Qe5 37. Qh4 Qg5 1/2-1/2

[Event "7th Sharjah Masters 2024"]
[Site "Sharjah UAE"]
[Date "2024.05.14"]
[Round "1.9"]
[White "Fedoseev, Vladimir3"]
[Black "Peralta, Fernando"]
[Result "1-0"]
[WhiteTitle "GM"]
[BlackTitle "GM"]
[WhiteElo "2702"]
[BlackElo "2575"]
[WhiteFideId "24130737"]
[BlackFideId "105309"]
[EventDate "2024.05.14"]

1. c4 Nf6 2. Nc3 e6 3. e4 d5 4. e5 d4 5. exf6 dxc3 6. bxc3 Qxf6 7. Bd3 Nc6 8.
Be4 e5 9. Qc2 g6 10. Rb1 Bh6 11. Ne2 O-O 12. O-O Rb8 13. f4 exf4 14. d4 Bf5 15.
Bxf5 Qxf5 16. Qxf5 gxf5 17. Nxf4 Rfe8 18. Rb5 Ne7 19. Nh5 Bg7 20. Bf4 a6 21. Rc5
Rbc8 22. Nxg7 Kxg7 23. Bxc7 Nc6 24. Bb6 1-0

[Event "7th Sharjah Masters 2024"]
[Site "Sharjah UAE"]
[Date "2024.05.14"]
[Round "1.10"]
[White "Mchedlishvili, Mikheil"]
[Black "Sevian, Samuel"]
[Result "1/2-1/2"]
[WhiteTitle "GM"]
[BlackTitle "GM"]
[WhiteElo "2569"]
[BlackElo "2699"]
[WhiteFideId "13600966"]
[BlackFideId "2040506"]
[EventDate "2024.05.14"]

1. Nf3 d5 2. c4 e6 3. g3 Nf6 4. Bg2 dxc4 5. Qa4+ Bd7 6. Qxc4 c5 7. Ne5 Qc8 8.
Qd3 Bc6 9. Nxc6 Nxc6 10. Nc3 Be7 11. Qb5 h5 12. h3 O-O 13. Bxc6 bxc6 14. Qa4 e5
15. d3 Rd8 16. Bg5 Rb8 17. Qc2 Qe6 18. Kf1 Rb4 19. a3 Rb7 20. Kg2 c4 21. dxc4
Qxc4 22. Rac1 Qe6 23. Bxf6 Bxf6 24. Na4 Rc7 25. Nc5 Qd5+ 26. Ne4 Qe6 27. Nxf6+
Qxf6 28. Rhd1 h4 29. g4 c5 30. Rxd8+ Qxd8 31. Qe4 Qd6 32. Rc3 Qd4 33. Qxd4 exd4
34. Rc2 Rb7 35. Rxc5 Rxb2 36. Rc8+ Kh7 37. Rc7 f6 1/2-1/2

[Event "7th Sharjah Masters 2024"]
[Site "Sharjah UAE"]
[Date "2024.05.14"]
[Round "1.11"]
[White "Narayanan, S.L."]
[Black "Sanal, Vahap"]
[Result "1/2-1/2"]
[WhiteTitle "GM"]
[BlackTitle "GM"]
[WhiteElo "2695"]
[BlackElo "2566"]
[WhiteFideId "5058422"]
[BlackFideId "6300545"]
[EventDate "2024.05.14"]

1. d4 Nf6 2. c4 e6 3. Nf3 b6 4. g3 Bb7 5. Bg2 Be7 6. Nc3 Ne4 7. Bd2 Nxd2 8. Qxd2
d6 9. Rd1 Nd7 10. Qc2 g6 11. h4 Bf6 12. h5 a6 13. Ne4 Bg7 14. d5 e5 15. h6 Bf8
16. b4 Be7 17. c5 Nf6 18. Nxf6+ Bxf6 19. Bh3 O-O 20. O-O a5 21. a3 axb4 22. axb4
bxc5 23. bxc5 dxc5 24. Bg2 Ba6 25. Rfe1 c4 26. Nd2 Bb5 27. Rb1 Rb8 28. Nxc4 Bxc4
29. Qxc4 Bg5 30. e3 1/2-1/2

[Event "7th Sharjah Masters 2024"]
[Site "Sharjah UAE"]
[Date "2024.05.14"]
[Round "1.12"]
[White "Muradli, Mahammad"]
[Black "Deac, Bogdan-Daniel"]
[Result "1-0"]
[WhiteTitle "GM"]
[BlackTitle "GM"]
[WhiteElo "2561"]
[BlackElo "2693"]
[WhiteFideId "13409301"]
[BlackFideId "1226380"]
[EventDate "2024.05.14"]

1. d4 Nf6 2. c4 e6 3. Nf3 d5 4. g3 Be7 5. Bg2 O-O 6. O-O dxc4 7. Qc2 a6 8. a4
Bd7 9. Qxc4 Bc6 10. Bf4 Bd6 11. Qc1 a5 12. Bg5 Na6 13. Nbd2 Be7 14. Rd1 Nb4 15.
Nc4 Bd5 16. Nfe5 b6 17. Ne3 Bxg2 18. Kxg2 h6 19. Bxf6 Bxf6 20. N3c4 Qd5+ 21. f3
Rad8 22. e3 Qb7 23. Qc3 Qa6 24. Kf2 c5 25. dxc5 bxc5 26. b3 Rd5 27. e4 Rd4 28.
Ng4 Be7 29. Rd2 Rxd2+ 30. Qxd2 Rd8 31. Qe2 Nc6 32. Rb1 Nd4 33. Qd3 Qa7 34. Qc3
Nc6 35. Nge3 Bf6 36. e5 Be7 37. Rd1 Nd4 38. Nc2 Ra8 39. Kg2 Nc6 40. Rd3 Rb8 41.
Qd2 Qa8 42. Qe1 Qa6 43. Qe4 Qc8 44. h4 h5 45. Kh3 Qc7 46. Kg2 Bf8 47. Kf1 Ne7
48. N2e3 Nc6 49. Nc2 g6 50. Ke2 Bg7 51. f4 Bf8 52. Kd1 Be7 53. Kc1 Nd4 54. Nxd4
cxd4 55. Qxd4 Qc6 56. Qf2 Ba3+ 57. Kc2 Bf8 58. Qf3 Qc5 59. Qe3 Qc6 60. Qf3 Qc5
61. Rd2 Qg1 62. Rd1 Qh2+ 63. Kb1 Bc5 64. Nxa5 Kg7 65. Nc4 Bf2 66. Rd3 Qg1+ 67.
Ka2 Bc5 68. Rd1 Qh2+ 69. Rd2 Qg1 70. Rd1 Qh2+ 71. Rd2 Qg1 72. Qg2 Qe1 73. Rd3
Bb4 74. Qf3 Qg1 75. Qe2 Bc5 76. Nd2 Qc1 77. Nc4 Qg1 78. Nd6 Bb4 79. Ne4 Qc1 80.
Qb2 Qf1 81. Qc2 Qe1 82. Rd7 Rf8 83. Ng5 Kg8 84. Nxf7 Qxg3 85. Ng5 Rf5 86. Nxe6 1-0

[Event "7th Sharjah Masters 2024"]
[Site "Sharjah UAE"]
[Date "2024.05.14"]
[Round "1.13"]
[White "Sjugirov, Sanan"]
[Black "Kadric, Denis"]
[Result "1/2-1/2"]
[WhiteTitle "GM"]
[BlackTitle "GM"]
[WhiteElo "2692"]
[BlackElo "2558"]
[WhiteFideId "4189302"]
[BlackFideId "14403803"]
[EventDate "2024.05.14"]

1. d4 d5 2. c4 dxc4 3. Nf3 e6 4. Qa4+ Nd7 5. e4 c5 6. Bxc4 cxd4 7. O-O Bc5 8.
Nbd2 Ne7 9. e5 Ng6 10. Bd3 O-O 11. Bxg6 hxg6 12. Ne4 b6 13. Bg5 Qe8 14. b4 Bb7
15. Rfe1 Be7 16. Bxe7 Qxe7 17. Rad1 a5 18. Rxd4 Bd5 19. b5 Rfc8 20. Neg5 Qc5 21.
Rh4 Bc4 22. Nd2 Qe7 23. Rxc4 Qxg5 24. Nf3 Qe7 25. Rd1 Nc5 26. Qc2 Rd8 27. h3
Rxd1+ 28. Qxd1 Rd8 29. Rd4 Rxd4 30. Qxd4 Qd7 31. Qxd7 Nxd7 32. Kf1 f6 33. exf6
gxf6 34. h4 Kf7 35. Ke2 f5 36. Kd3 Ke7 37. Ng5 Kd6 38. Kd4 e5+ 39. Kc4 Nf6 40.
f3 Ke7 41. g3 Kd6 42. Nf7+ Ke6 43. Ng5+ Kd6 44. Nf7+ Ke6 45. Nh8 Nh5 46. Nxg6
Nxg3 47. Nf8+ Kd6 48. Nh7 e4 49. fxe4 fxe4 50. Nf6 e3 51. Kd3 e2 52. Kd2 Kc5 53.
h5 Nxh5 54. Nxh5 Kxb5 55. Nf4 Kb4 56. Nxe2 Ka3 57. Nc3 b5 58. Nxb5+ Kxa2 59. Kc2
a4 60. Nc3+ Ka3 61. Nxa4 Kxa4 1/2-1/2

[Event "7th Sharjah Masters 2024"]
[Site "Sharjah UAE"]
[Date "2024.05.14"]
[Round "1.14"]
[White "Dudin, Gleb"]
[Black "Niemann, Hans Moke"]
[Result "0-1"]
[WhiteTitle "GM"]
[BlackTitle "GM"]
[WhiteElo "2554"]
[BlackElo "2689"]
[WhiteFideId "34184934"]
[BlackFideId "2093596"]
[EventDate "2024.05.14"]

1. d4 Nf6 2. Nf3 d5 3. c4 e6 4. g3 Bb4+ 5. Bd2 Be7 6. Bg2 Nbd7 7. O-O c6 8. Qc2
Ne4 9. Ne1 Nxd2 10. Nxd2 Nf6 11. Nd3 a5 12. e3 O-O 13. Rfc1 Bd6 14. b3 Qe7 15.
c5 Bc7 16. Qc3 h5 17. h3 Nd7 18. f4 f6 19. e4 h4 20. g4 dxe4 21. Nxe4 f5 22.
gxf5 Rxf5 23. Rf1 Nf6 24. Nxf6+ Rxf6 25. Ne5 Bd7 26. Be4 Be8 27. Qe3 Bh5 28. Rf2
Raf8 29. Raf1 Kh8 30. Rg2 Rh6 31. a3 Qe8 32. Bd3 Bxe5 33. Qxe5 Bg6 34. Kh2 Qf7
35. Bc4 Bf5 36. Rfg1 Rh7 37. b4 axb4 38. axb4 Qf6 39. Re1 Rh6 40. b5 cxb5 41.
Bxb5 Rd8 42. Qxf6 Rxf6 43. Rd2 Bg6 44. Rg1 Bh5 45. Rg5 Bf3 46. Be2 Bxe2 47. Rxe2
Rxd4 48. Rh5+ Kg8 49. Rxh4 Rc4 50. Re5 Kf7 51. Rh8 Rfxf4 52. Rb8 Rf2+ 53. Kg3
Rb2 54. Rc8 Rb3+ 55. Kf2 Rxh3 56. Kg2 Rhc3 57. Rc7+ Kf6 58. Re2 Rxc5 59. Rxb7
Rc2 0-1

[Event "7th Sharjah Masters 2024"]
[Site "Sharjah UAE"]
[Date "2024.05.14"]
[Round "1.15"]
[White "Sindarov, Javokhir"]
[Black "Horvath, Dominik"]
[Result "1/2-1/2"]
[WhiteTitle "GM"]
[BlackTitle "IM"]
[WhiteElo "2684"]
[BlackElo "2554"]
[WhiteFideId "14205483"]
[BlackFideId "1642561"]
[EventDate "2024.05.14"]

1. e4 e5 2. Nf3 Nf6 3. d3 d5 4. exd5 Qxd5 5. Nc3 Bb4 6. Bd2 Bxc3 7. Bxc3 Nc6 8.
Be2 Bf5 9. O-O O-O-O 10. Re1 Rhe8 11. Nd2 Nd4 12. Bf1 e4 13. Nb3 Nxb3 14. axb3
exd3 15. Rxe8 Rxe8 16. cxd3 Kb8 17. b4 Bd7 18. Qd2 a6 19. Qf4 Qf5 20. Qxf5 Bxf5
21. f3 Nd5 22. Bxg7 Nxb4 23. Rd1 Rd8 24. g4 Bg6 25. h4 h5 26. Bf6 Rd6 27. Be7
Rd4 28. Bc5 Rf4 29. Re1 b6 30. Re8+ Ka7 31. Be3 Rf6 32. Bd2 Nc6 33. Bg2 Rd6 34.
Bc3 b5 35. Rh8 b4 36. Be1 a5 37. Bg3 Rxd3 38. gxh5 Bf5 39. h6 a4 40. Bf1 Rd1 41.
h7 Bxh7 42. Rxh7 a3 43. bxa3 bxa3 44. Rxf7 a2 45. Rxc7+ Kb6 46. Rxc6+ 1/2-1/2

[Event "7th Sharjah Masters 2024"]
[Site "Sharjah UAE"]
[Date "2024.05.14"]
[Round "1.16"]
[White "Erdogmus, Yagiz Kaan"]
[Black "Nihal, Sarin"]
[Result "1/2-1/2"]
[WhiteTitle "IM"]
[BlackTitle "GM"]
[WhiteElo "2554"]
[BlackElo "2680"]
[WhiteFideId "44599790"]
[BlackFideId "25092340"]
[EventDate "2024.05.14"]

1. e4 e5 2. Nf3 Nc6 3. Bb5 a6 4. Ba4 Bc5 5. c3 Nge7 6. O-O Ng6 7. d4 Ba7 8. Bxc6
dxc6 9. Nxe5 Nxe5 10. dxe5 Qh4 11. Qf3 Bg4 12. Qf4 Qh5 13. h3 Be6 14. Be3 Bxe3
15. Qxe3 Qxe5 16. f4 Qa5 17. f5 Bc4 18. Re1 f6 19. Nd2 Bf7 20. e5 fxe5 21. Nb3
Qb6 22. Qxb6 cxb6 23. Rxe5+ Kf8 24. Rae1 h5 1/2-1/2

[Event "7th Sharjah Masters 2024"]
[Site "Sharjah UAE"]
[Date "2024.05.14"]
[Round "1.17"]
[White "Martirosyan, Haik M."]
[Black "Can, Emre"]
[Result "1/2-1/2"]
[WhiteTitle "GM"]
[BlackTitle "GM"]
[WhiteElo "2679"]
[BlackElo "2549"]
[WhiteFideId "13306553"]
[BlackFideId "6302181"]
[EventDate "2024.05.14"]

1. e4 c5 2. Nf3 d6 3. Bb5+ Nd7 4. Ba4 Nf6 5. O-O e6 6. d3 Be7 7. c4 O-O 8. Nc3
Ne5 9. Ne1 Bd7 10. Bxd7 Nfxd7 11. f4 Nc6 12. Bd2 a6 13. a4 Nb4 14. Kh1 Nb8 15.
Ne2 N8c6 16. Ng3 f5 17. Bc3 Bh4 18. Nf3 Bxg3 19. hxg3 Qe8 20. exf5 Qh5+ 21. Nh4
Qxd1 22. Raxd1 exf5 23. d4 g6 24. Nf3 Rae8 25. dxc5 dxc5 26. Rd7 Rf7 27. Rd6
Rfe7 28. Rf2 Re6 29. Rd1 Na2 30. Be5 Nxe5 31. Nxe5 Nb4 32. Rfd2 Nc6 33. Nf3 Na5
34. Rd7 R6e7 35. Ne5 Nc6 36. Rxe7 Rxe7 37. Rd5 Nxe5 38. fxe5 Rc7 39. a5 Kf7 40.
Rd6 Re7 41. Rb6 Rxe5 42. Rxb7+ Kf6 43. Rxh7 Re1+ 44. Kh2 Ra1 45. Rd7 Rxa5 46.
Rd5 Ra2 47. Rxc5 Rxb2 48. Rc6+ Kg5 49. Rxa6 Rc2 50. Rc6 Rc1 51. c5 Kh5 52. Rc8
Kg4 53. c6 g5 54. Ra8 1/2-1/2

[Event "7th Sharjah Masters 2024"]
[Site "Sharjah UAE"]
[Date "2024.05.14"]
[Round "1.18"]
[White "Erdos, Viktor"]
[Black "Shankland, Sam"]
[Result "1/2-1/2"]
[WhiteTitle "GM"]
[BlackTitle "GM"]
[WhiteElo "2546"]
[BlackElo "2671"]
[WhiteFideId "719978"]
[BlackFideId "2004887"]
[EventDate "2024.05.14"]

1. d4 Nf6 2. c4 e6 3. Nf3 d5 4. Bg5 Bb4+ 5. Nc3 O-O 6. e3 Nbd7 7. cxd5 exd5 8.
Rc1 h6 9. Bh4 c5 10. dxc5 Qa5 11. a3 Bxc3+ 12. Rxc3 Ne4 13. b4 Nxc3 14. Qa1 Qa4
15. Qxc3 a5 16. b5 Nxc5 17. Qxc5 Bf5 18. Qc1 Rac8 19. Qa1 Bg4 20. Bg3 Bxf3 21.
gxf3 d4 22. Bh3 Qxb5 23. Bxc8 Rxc8 24. Qd1 Rc3 25. exd4 g5 26. Rg1 Kh7 27. d5
Qc4 28. d6 Rc1 29. Kd2 Qc3+ 30. Ke2 Qb2+ 31. Qd2 Rc2 32. Rd1 Qb5+ 33. Ke1 Rxd2
34. Rxd2 Qd7 35. Re2 Kg6 36. Re7 Qb5 37. Rc7 Kf6 38. h4 Qd5 39. hxg5+ hxg5 40.
Rc2 Kg6 41. Rd2 Qe6+ 42. Kf1 Qd7 43. Kg2 f5 44. Be5 f4 45. Bc3 g4 46. Bb2 b5 47.
Rd4 Kf5 48. fxg4+ Kxg4 49. f3+ Kf5 50. Kf2 Ke6 51. Ke1 Kf7 52. Rxf4+ Ke8 53. Rd4
Kd8 54. Kd2 Qf7 55. d7 Qb3 56. Kc1 Qxf3 57. Rd2 Qf4 58. Bc3 b4 59. axb4 axb4 60.
Bd4 Qh6 61. Be5 Qc6+ 62. Kb2 b3 63. Bc3 Qxd7 64. Rxd7+ Kxd7 65. Kxb3 1/2-1/2

[Event "7th Sharjah Masters 2024"]
[Site "Sharjah UAE"]
[Date "2024.05.14"]
[Round "1.19"]
[White "Aravindh, Chithambaram VR."]
[Black "Bharath, Subramaniyam H"]
[Result "1-0"]
[WhiteTitle "GM"]
[BlackTitle "GM"]
[WhiteElo "2671"]
[BlackElo "2545"]
[WhiteFideId "5072786"]
[BlackFideId "46634827"]
[EventDate "2024.05.14"]

1. Nf3 d5 2. g3 g6 3. Bg2 Bg7 4. d4 c6 5. O-O Nf6 6. c4 dxc4 7. a4 Ne4 8. Nc3
Nd6 9. e4 O-O 10. Be3 Bg4 11. h3 Bxf3 12. Qxf3 Nd7 13. Qe2 e5 14. Rad1 Qe7 15.
d5 Rfd8 16. h4 h5 17. Bh3 c5 18. Nb5 b6 19. Nxd6 Qxd6 20. Qxc4 a6 21. Rc1 Bf8
22. Rc2 Rdb8 23. Qd3 b5 24. b3 bxa4 25. bxa4 Rb4 26. Rc4 Rab8 27. Rfc1 Rxc4 28.
Rxc4 Rb4 29. Bf1 Qb8 30. Bd2 Rb1 31. Rc1 Rxc1 32. Bxc1 Qb4 33. Qxa6 Qxe4 34. a5
Qxd5 35. Qc8 c4 36. a6 Nb6 37. Qb8 Nd7 38. Qd8 Kg7 39. a7 1-0

[Event "7th Sharjah Masters 2024"]
[Site "Sharjah UAE"]
[Date "2024.05.14"]
[Round "1.21"]
[White "Sadhwani, Raunak"]
[Black "Gavrilescu, David"]
[Result "1/2-1/2"]
[WhiteTitle "GM"]
[BlackTitle "GM"]
[WhiteElo "2654"]
[BlackElo "2540"]
[WhiteFideId "35093487"]
[BlackFideId "1227190"]
[EventDate "2024.05.14"]

1. e4 c5 2. Nf3 e6 3. d4 cxd4 4. Nxd4 Nf6 5. Bd3 Nc6 6. Nxc6 bxc6 7. Bf4 d5 8.
Nd2 g6 9. c3 Bg7 10. Qa4 Qb6 11. exd5 exd5 12. Bd6 Bf8 13. Qf4 Qd8 14. Bxf8 Kxf8
15. Qh6+ Kg8 16. O-O Ng4 17. Qf4 Qf6 18. Qxf6 Nxf6 19. b4 a5 20. a4 Kg7 21. Rfb1
Bd7 22. Nb3 Rhb8 23. Nxa5 c5 24. f3 1/2-1/2

[Event "7th Sharjah Masters 2024"]
[Site "Sharjah UAE"]
[Date "2024.05.14"]
[Round "1.22"]
[White "Sankalp, Gupta"]
[Black "Ter-Sahakyan, Samvel"]
[Result "1/2-1/2"]
[WhiteTitle "GM"]
[BlackTitle "GM"]
[WhiteElo "2532"]
[BlackElo "2652"]
[WhiteFideId "5097010"]
[BlackFideId "13302531"]
[EventDate "2024.05.14"]

1. Nf3 d5 2. e3 Nf6 3. c4 c6 4. Nc3 Nbd7 5. cxd5 cxd5 6. d4 e6 7. Bd3 Bd6 8. O-O
O-O 9. Bd2 a6 10. a3 e5 11. dxe5 Nxe5 12. Be2 Re8 13. Rc1 Qe7 14. Nd4 b5 15. Na2
Nc4 16. Rc2 Qe5 17. Nf3 Qh5 18. Bb4 Bb8 19. b3 Ng4 20. h3 Ngxe3 21. fxe3 Nxe3
22. Rxc8 Rxc8 23. Qd3 Ba7 24. Rf2 Qf5 25. Bc3 Qxd3 26. Bxd3 Rxc3 27. Nxc3 Rc8
28. Ne2 Nd1 29. Ned4 Nxf2 30. Kxf2 Bc5 31. a4 bxa4 32. bxa4 Rb8 33. Bxa6 Rb4 34.
Ke3 Rxa4 35. Be2 g6 36. Kd3 Ra3+ 37. Kc2 Kg7 38. Nb5 Ra5 39. Ne5 Ra2+ 40. Kd3
Rb2 41. Nc7 Rb3+ 42. Kd2 Bb4+ 43. Kd1 Rb2 44. Nf3 d4 45. Nd5 Bc3 46. Nf4 f5 47.
Nd3 Ra2 48. Nc1 Ra8 49. Kc2 Re8 50. Bc4 Kf6 51. Ne2 g5 52. Nfxd4 Bxd4 53. Nxd4
Ke5 54. Ne2 Rd8 55. Bd3 Ra8 56. Kd2 h5 57. Ng3 Ra2+ 58. Bc2 h4 59. Nxf5 Rxc2+
60. Kxc2 Kxf5 61. Kd3 Kf4 62. Ke2 Kg3 63. Kf1 g4 64. hxg4 Kxg4 65. Kf2 h3 66.
gxh3+ Kxh3 1/2-1/2